[Event "Challenge"]
[Site "http://www.queenalice.com/game.php?id=73653"]
[Date "2006.6.1"]
[Round "-"]
[White "cordeiro"]
[Black "pitzenj"]
[Result "1-0"]
[WhiteElo "1500"]
[BlackElo "1213"]

1. c3 d5 2. Qb3 Nf6 3. d4 c6 4. Bf4 Nbd7 5. Nf3 g6 6. g3 Bg7 7. Nbd2 Nb6 8. e3
Bf5 9. g4 Nxg4 10. Bh3 Nxf2 11. Kxf2 Bxh3 12. c4 O-O 13. Ne5 dxc4 14. Ndxc4 Qd5
15. Rag1 a5 16. Rg3 Bf5 17. Qxb6 Rfb8 18. Qc7 f6 19. Qxe7 fxe5 20. Bxe5 Bxe5 21.
Nxe5 Rf8 22. Rhg1 Rae8 23. Qc7 Qxa2 24. Nxg6 Rf7 25. Ne7+ Kh8 26. Rg8+ Rxg8 27.
Rxg8# 1-0

[Event "Challenge"]
[Site "http://www.queenalice.com/game.php?id=74712"]
[Date "2006.6.6"]
[Round "-"]
[White "leandropiccolo"]
[Black "cordeiro"]
[Result "0-1"]
[WhiteElo "1250"]
[BlackElo "1557"]

1. e4 e5 2. Qe2 Nc6 3. g3 Bc5 4. h4 Nf6 5. c3 Qe7 6. Nf3 d6 7. b4 Bb6 8. Ng5 d5
9. Qd3 Be6 10. b5 Na5 11. Ba3 dxe4 12. Qe3 Qd7 13. d4 Nd5 14. Qe2 exd4 15. cxd4
Bxd4 16. Qh5 h6 17. Bh3 Bxh3 18. Rxh3 O-O-O 19. Nxf7 Qxh3 20. Nxh8 Qg2 21. Nd2
Qxf2+ 22. Kd1 Ne3+ 23. Kc1 Bc3 24. Bb2 Qe1+ 25. Qd1 Qxd1# 0-1

[Event "Challenge"]
[Site "http://www.queenalice.com/game.php?id=74972"]
[Date "2006.6.7"]
[Round "-"]
[White "paulove"]
[Black "cordeiro"]
[Result "1-0"]
[WhiteElo "1691"]
[BlackElo "1575"]

1. e4 e5 2. Nf3 Qe7 3. Nc3 Nf6 4. d3 Nc6 5. Bg5 h6 6. Be3 b6 7. Be2 d6 8. a3 Ba6
9. b4 g5 10. Na2 Ng4 11. Qd2 Bg7 12. h3 Nxe3 13. Qxe3 Nd4 14. Nxd4 exd4 15. Qd2
O-O 16. O-O g4 17. Bxg4 c5 18. Nc1 cxb4 19. axb4 Qh4 20. f4 Bc8 21. g3 Qxg3+ 22.
Qg2 Qxg2+ 23. Kxg2 Bxg4 24. hxg4 Rac8 25. Rf2 b5 26. Rxa7 Rfe8 27. Nb3 Bf6 28.
Rb7 Bh4 29. Nxd4 Bxf2 30. Kxf2 Rc4 31. dxc4 Rxe4 32. Nxb5 Rxf4+ 33. Kg3 Rxc4 34.
c3 d5 35. Rc7 Re4 36. Nd4 Re3+ 37. Kf4 Rh3 38. b5 Rh1 39. b6 Rb1 40. b7 Rb6 41.
Rc8+ Kg7 42. b8=R Rf6+ 43. Nf5+ Kg6 44. Rg8+ Kh7 45. Rg7# 1-0

[Event "Challenge"]
[Site "http://www.queenalice.com/game.php?id=74973"]
[Date "2006.6.7"]
[Round "-"]
[White "ricardoshima"]
[Black "cordeiro"]
[Result "1-0"]
[WhiteElo "1887"]
[BlackElo "1530"]

1. e4 e5 2. Nf3 Nc6 3. d4 Qe7 4. d5 Nb4 5. a3 Na6 6. Nc3 d6 7. Bb5+ Bd7 8. Qd3
Bxb5 9. Qxb5+ Qd7 10. Qxb7 Qc8 11. Qc6+ Kd8 12. Ng5 Nh6 13. O-O Be7 14. f4 exf4
15. Bxf4 Qb8 16. b4 Bxg5 17. Bxg5+ f6 18. Bxh6 gxh6 19. Qxa6 Rg8 20. Rxf6 Qb6+
21. Qxb6 axb6 22. Rxh6 Kd7 23. Rxh7+ Ke8 24. Rxc7 Rd8 25. Rf1 Rf8 26. Rb7 Rc8
27. Nb5 Rxc2 28. Rb8+ Ke7 29. Rbxf8 Rf2 30. R1xf2 Kd7 31. R2f7# 1-0

[Event "AUTO-OPEN-289"]
[Site "http://www.queenalice.com/game.php?id=75106"]
[Date "2006.6.8"]
[Round "1"]
[White "Boeing"]
[Black "cordeiro"]
[Result "1-0"]
[WhiteElo "1897"]
[BlackElo "1485"]

1. e4 e5 2. Qh5 Nh6 3. Qxe5+ Qe7 4. Qxc7 Na6 5. Qf4 Nc5 6. d3 d5 7. Nc3 Bf5 8.
Nxd5 Qd7 9. Nc7+ Ke7 10. Nxa8 Qe6 11. Nc7 Qg6 12. exf5 Nxf5 13. Nd5+ Ke8 14.
Qb8+ Kd7 15. Qc7+ Ke6 16. Nf4+ 1-0

[Event "AUTO-OPEN-289"]
[Site "http://www.queenalice.com/game.php?id=75107"]
[Date "2006.6.8"]
[Round "1"]
[White "cordeiro"]
[Black "Boeing"]
[Result "0-1"]
[WhiteElo "1485"]
[BlackElo "1764"]

1. d4 d5 2. Nf3 Bf5 3. e3 e6 4. Ne5 f6 5. Nd3 h5 6. h3 Bxd3 7. Bxd3 f5 8. g4
hxg4 9. Bd2 gxh3 10. a3 Qg5 11. Qf3 h2 12. Qg3 Qxg3 13. fxg3 Rh3 14. Nc3 Nf6 15.
O-O-O Ng4 16. Nb5 Bd6 17. Nxd6+ cxd6 18. Bb4 Nf2 19. Rdf1 Nxh1 20. Rxh1 Ke7 21.
Be1 g5 22. c4 Nc6 23. Bb4 Nxb4 24. axb4 Rah8 0-1

[Event "AUTO-OPEN-289"]
[Site "http://www.queenalice.com/game.php?id=75132"]
[Date "2006.6.8"]
[Round "1"]
[White "Birkoff"]
[Black "cordeiro"]
[Result "0-1"]
[WhiteElo "1030"]
[BlackElo "1557"]

1. e3 d5 2. d4 Nc6 3. Nc3 Nf6 4. Nge2 Bf5 5. Ng3 Ne4 6. Nxf5 g6 7. Nh4 e5 8.
dxe5 Qxh4 9. Nxd5 Rc8 10. g3 Qg5 11. Bd3 Qf5 12. g4 Qxf2# 0-1

[Event "AUTO-OPEN-289"]
[Site "http://www.queenalice.com/game.php?id=75133"]
[Date "2006.6.8"]
[Round "1"]
[White "cordeiro"]
[Black "Birkoff"]
[Result "0-1"]
[WhiteElo "1557"]
[BlackElo "1030"]

1. d4 d5 2. Nc3 e6 3. e3 Nc6 4. Nf3 Bd7 5. Bb5 Nf6 6. Qd3 Nb4 7. Bxd7+ Qxd7 8.
Qb5 O-O-O 9. Ne5 Qxb5 10. Nxb5 Nxc2+ 11. Ke2 Nxa1 12. Nxf7 Bb4 13. Nxh8 Rxh8 14.
Bd2 Bxd2 15. Kxd2 Ne4+ 16. Kd1 Nxf2+ 17. Kc1 Nxh1 18. Kb1 Rf8 19. b3 Rf1+ 0-1

[Event "AUTO-OPEN-289"]
[Site "http://www.queenalice.com/game.php?id=75150"]
[Date "2006.6.8"]
[Round "1"]
[White "cordeiro"]
[Black "dgrecu"]
[Result "0-1"]
[WhiteElo "1572"]
[BlackElo "1594"]

1. d4 d5 2. Nc3 Nf6 3. e3 Nc6 4. Nh3 Bxh3 5. gxh3 e5 6. Bb5 exd4 7. exd4 Qd7 8.
Bf4 Bb4 9. Qd2 Ne4 10. Qe3 Bxc3+ 11. bxc3 O-O 12. O-O-O Rae8 13. Be5 f6 14. Bxc6
Qxc6 15. Bg3 Nxc3 16. Qd3 Nxa2+ 17. Kb1 Nc3+ 18. Kc1 Nxd1 19. Rxd1 a5 20. Rd2 a4
21. Re2 Rxe2 22. Qxe2 a3 23. Qe7 a2 24. Kb2 Qb5+ 25. Kc3 a1=Q+ 26. Kd2 Qxd4+ 27.
Ke1 Qe4+ 28. Qxe4 Re8 29. Qxe8+ Qxe8+ 30. Kf1 c5 31. Bf4 Qb5+ 32. Kg2 Qc4 33. f3
Qxc2+ 34. Kg3 d4 0-1

[Event "AUTO-OPEN-289"]
[Site "http://www.queenalice.com/game.php?id=75151"]
[Date "2006.6.8"]
[Round "1"]
[White "dgrecu"]
[Black "cordeiro"]
[Result "0-1"]
[WhiteElo "1582"]
[BlackElo "1526"]

1. e4 d5 2. exd5 Qxd5 3. d4 g6 4. Nc3 Qe6+ 5. Be3 Nf6 6. d5 Qe5 7. Nf3 Qd6 8.
Bb5+ c6 9. Ba4 Nxd5 10. Nxd5 b5 11. Bf4 Qe6+ 12. Be5 Qxd5 13. Qxd5 cxd5 14.
Bxb5+ Nd7 15. Bxd7+ Bxd7 16. Bxh8 Bb5 17. O-O-O Bh6+ 18. Kb1 O-O-O 19. Ne5 Rxh8
20. Rxd5 a6 21. Nxf7 Rf8 22. Nxh6 Rxf2 23. Rhd1 Be2 24. Rc5+ Kb7 25. Rd7+ Kb6
26. b4 Rf1+ 27. Kb2 Rf4 28. Rxe7 Rxb4+ 29. Ka3 Kxc5 30. Rxe2 Kb5 31. Re5+ Kc4
32. Re4+ Kc3 33. Ng4 Rxe4 34. Nf2 Re2 35. Nd3 Rxc2 36. Nf4 Rf2 37. Nd5+ Kd4 38.
Nb4 Rxg2 39. Nxa6 h5 40. Kb3 h4 41. a4 h3 42. Nb4 Rxh2 43. a5 Re2 44. a6 h2 45.
a7 h1=Q 46. Nc2+ Ke5 0-1

[Event "Challenge"]
[Site "http://www.queenalice.com/game.php?id=75333"]
[Date "2006.6.9"]
[Round "-"]
[White "cordeiro"]
[Black "Birkoff"]
[Result "0-1"]
[WhiteElo "1575"]
[BlackElo "1136"]

1. d4 Nc6 2. Nc3 e5 3. Nh3 exd4 4. Bg5 f6 5. Bxf6 gxf6 6. Nd5 Bb4+ 7. c3 dxc3 8.
bxc3 Ba5 9. Nhf4 Nge7 10. Nxe7 Bxc3+ 11. Qd2 Bxd2+ 12. Kxd2 Qxe7 13. Nd5 Qd6 14.
e4 f5 15. Kc2 fxe4 16. Re1 Qxd5 17. f3 Qxa2+ 18. Kc3 d5 19. fxe4 d4+ 20. Kd3
Qb3+ 21. Kd2 Qc3+ 22. Kd1 Bg4+ 23. Be2 d3 0-1

[Event "Challenge"]
[Site "http://www.queenalice.com/game.php?id=82533"]
[Date "2006.7.4"]
[Round "-"]
[White "pierj"]
[Black "cordeiro"]
[Result "1-0"]
[WhiteElo "1342"]
[BlackElo "1567"]

1. e4 e5 2. Nf3 Nc6 3. Bb5 Qf6 4. Nc3 Nd4 5. Nxd4 exd4 6. Nd5 Qe5 7. O-O b6 8.
d3 Bb7 9. Bf4 Qe6 10. Nxc7+ Ke7 11. Nxe6 dxe6 12. c3 dxc3 13. Qb3 Kd8 14. Qxc3
Rc8 15. Qd4+ Ke7 16. Bg5+ f6 17. Qd7# 1-0

[Event "Challenge"]
[Site "http://www.queenalice.com/game.php?id=82569"]
[Date "2006.7.4"]
[Round "-"]
[White "CesarAugusto"]
[Black "cordeiro"]
[Result "1-0"]
[WhiteElo "1510"]
[BlackElo "1520"]

1. e4 e5 2. Qf3 Nh6 3. Qc3 Bd6 4. Nf3 Qf6 5. Bc4 g5 6. d3 a5 7. Bxg5 Qg7 8. O-O
Bb4 9. Qxe5+ Qxe5 10. Nxe5 d6 11. Nf3 Nc6 12. Bxh6 Bg4 13. Ng5 Nd4 14. Bb3 O-O-O
15. Nxf7 Be2 16. Re1 Bxe1 17. Nxh8 Rxh8 18. Na3 Rg8 19. Kh1 Bxf2 20. Bxg8 b5 21.
c3 Nc6 22. Nxb5 Bxd3 23. Na3 Ne5 24. Bxh7 Be2 25. Bf4 Nd3 26. Bf5+ Kd8 27. Bg5+
Ke8 28. Bg6+ Kd7 29. Bf5+ Kc6 30. Nc4 Ne1 31. Nxa5+ Kb5 32. b4 Bf1 33. a4+ Kb6
34. Bh3 c5 35. Bd8+ Ka7 36. Nc6+ Kb7 37. b5 c4 38. a5 Bd3 39. a6+ Ka8 40. b6
Bxb6 41. Bxb6 Bxe4 42. Na5 Nc2 43. Ra4 1-0

[Event "Challenge"]
[Site "http://www.queenalice.com/game.php?id=93974"]
[Date "2006.8.8"]
[Round "-"]
[White "marcosweck"]
[Black "cordeiro"]
[Result "1-0"]
[WhiteElo "1470"]
[BlackElo "1510"]

1. f4 d5 2. d4 Bg4 3. h3 Bh5 4. Nc3 Nf6 5. Be3 g6 6. g4 Bxg4 7. hxg4 Nxg4 8. Qd3
Bh6 9. Bh3 Nxe3 10. Qxe3 Qd6 11. Qe5 Bxf4 12. Qxh8# 1-0